Abnormal Psychology / Seventh Edition (Record no. 2521)
[ view plain ]
| 000 -LEADER | |
|---|---|
| fixed length control field | 01445cam a22002174a 4500 |
| 005 - ΗΜΕΡΟΜΗΝΙΑ ΚΑΙ ΩΡΑ ΤΕΛΕΥΤΑΙΑΣ ΕΝΗΜΕΡΩΣΗΣ | |
| Πεδίο ελέγχου | 20250605164044.0 |
| 008 - FIXED-LENGTH DATA ELEMENTS--GENERAL INFORMATION | |
| Πεδίο ελέγχου σταθερού μήκους | 250528s ||||||||||||||||||||||||d |
| 035 ## - SYSTEM CONTROL NUMBER | |
| System control number | 17081 |
| 020 ## - ISBN | |
| ISBN | 471111228 |
| 040 ## - ΠΗΓΗ ΚΑΤΑΛΟΓΟΓΡΑΦΗΣΗΣ | |
| Φορέας πρωτότυπης καταλογογράφησης | MC Athens Campus Library |
| Γλώσσα καταλογογράφησης | Ελληνικά, Μοντέρνα (1453-) |
| Modifying agency | MC Athens Campus Library |
| Κανόνες περιγραφικής καταλογογράφησης | AACR2 |
| 245 1# - ΤΙΤΛΟΣ ΚΑΙ ΔΗΛΩΣΗ ΥΠΕΥΘΥΝΟΤΗΤΑΣ | |
| Τίτλος | Abnormal Psychology / Seventh Edition |
| 250 ## - EDITION STATEMENT | |
| Edition statement | 7th |
| 260 ## - PUBLICATION, DISTRIBUTION, ETC. | |
| Name of publisher, distributor, etc. | John Wiley & Sons, Ltd, |
| Date of publication, distribution, etc. | 1997 |
| 300 ## - PHYSICAL DESCRIPTION | |
| Extent | 774 |
| 520 ## - SUMMARY, ETC. | |
| Summary, etc. | The book covers all topics relevant to abnormal psychology, stays current and accurate, and remains easy to read. Introduction and Basic Issues, Introduction: Historical and Scientific Considerations, Current Paradigms in Psychopathology and Therapy, Classification and Diagnosis, Clinical Assessment Procedures, Research Methods in the Study of Abnormal Behavior, Psychological Disorders, Anxiety Disorders, Somatoform and Dissociative Disorders, Psychophysiological Disorders and Health Psychology, Eating Disorders, Mood Disorders, Schizophrenia, Sustance-Related Disorders, Personality Disorders, Sexual and Gender Identity Disorders, Life-Span Developmental Disorders, Disorders of Childhood, Aging and Psychological Disorders, Intervention and Legal and Ethical Issues, Insight Therapies, Cognitive and Behavior Therapies, Group and Couples and Family Therapy and Community Psychology, Legal and Ethical Issues. |
| 700 1# - ΠΡΟΣΘΕΤΗ ΑΝΑΓΡΑΦΗ--ΦΥΣΙΚΟ ΠΡΟΣΩΠΟ | |
| Personal name | Davison Gerald C |
| 9 (RLIN) | 3215 |
| 700 1# - ΠΡΟΣΘΕΤΗ ΑΝΑΓΡΑΦΗ--ΦΥΣΙΚΟ ΠΡΟΣΩΠΟ | |
| Personal name | Neale John M |
| 9 (RLIN) | 3216 |
| 942 ## - ADDED ENTRY ELEMENTS (KOHA) | |
| Koha item type | Books |
| Τύπος τεκμηρίου | Βιβλιοθήκη | Τρέχουσα τοποθεσία | Barcode | Αριθμός εισαγωγής | Ημερομηνία απόκτησης | Ταξιθετικό σύμβολο | Αριθμός αντιτύπου | Κατάσταση απόσυρσης | Κατάσταση χαμένου | Κατάσταση κατεστραμμένου | Μη δανεισμός | Σύνολο δανεισμών | Ημερομηνία τελευταίας εμφάνισης | Η τιμή ισχύει από |
|---|---|---|---|---|---|---|---|---|---|---|---|---|---|---|
| Books | MC Athens Campus Library | MC Athens Campus Library | 9780000025203 | 7366 | 05/06/2025 | 616.89 DAV | 1 | 05/06/2025 | 05/06/2025 |